[Event "EYb14, Budva YUG"]
[Site "?"]
[Date "2003.??.??"]
[Round "7"]
[White "Bindrich, F."]
[Black "Krivoborodov, E."]
[Result "1-0"]
[WhiteElo "2330"]
[BlackElo "2295"]
[PlyCount "129"]
[EventDate "2003.??.??"]

1. e4 c6 2. d4 d5 3. Nc3 dxe4 4. Nxe4 Bf5 5. Ng3 Bg6 6. h4 h6 7. Nf3 Nd7 8. h5
Bh7 9. Bd3 Bxd3 10. Qxd3 e6 11. Bf4 Qa5+ 12. Bd2 Qc7 13. O-O-O Ngf6 14. Ne4
O-O-O 15. Kb1 c5 16. Nc3 a6 17. Qe2 cxd4 18. Nxd4 Bc5 19. Nf3 Rhe8 20. Na4 e5
21. Nxc5 Qxc5 22. Be3 Qc6 23. Nh4 Qe6 24. Qd3 Nb8 25. Qf5 Nc6 26. c3 Rxd1+ 27.
Rxd1 Rd8 28. Rh1 Qxf5+ 29. Nxf5 Ne8 30. Kc2 Rd7 31. Rh4 Ne7 32. Rc4+ Kb8 33.
Nxe7 Rxe7 34. Rg4 Rd7 35. Bc5 f6 36. b4 Nc7 37. a4 Ne6 38. Be3 Kc7 39. Rc4+ Kb8
40. b5 axb5 41. axb5 f5 42. f4 e4 43. g4 fxg4 44. Rxe4 Nd8 45. f5 Rd5 46. Rd4
Rxd4 47. Bxd4 Nf7 48. Bxg7 Kc7 49. Kd3 g3 50. Ke3 g2 51. Kf2 Kb6 52. Kxg2 Kxb5
53. Kf3 Kc4 54. Ke4 b5 55. Bd4 Ng5+ 56. Kf4 b4 57. cxb4 Kxd4 58. f6 Ne6+ 59.
Kf5 Nf8 60. f7 Kd5 61. Kf6 Kd6 62. b5 Kd7 63. b6 Kc6 64. Ke7 Nh7 65. f8=Q 1-0

[Event "EYb14, Budva YUG"]
[Site "?"]
[Date "2003.??.??"]
[Round "7"]
[White "Rodshtein, M."]
[Black "Chernobay, A."]
[Result "1/2-1/2"]
[WhiteElo "2340"]
[BlackElo "2260"]
[PlyCount "112"]
[EventDate "2003.??.??"]

1. d4 Nf6 2. c4 a6 3. Nc3 c5 4. d5 b5 5. cxb5 axb5 6. Nxb5 Qa5+ 7. Nc3 Bb7 8.
Bd2 Qb6 9. e4 e6 10. dxe6 fxe6 11. e5 Ne4 12. Nxe4 Bxe4 13. Bc3 Nc6 14. Bd3
Bxg2 15. Qh5+ g6 16. Bxg6+ Kd8 17. Qg5+ Be7 18. Qxg2 Rg8 19. Qe4 Rxg6 20. Ne2
Kc7 21. h4 Qb5 22. a4 Qb3 23. Kf1 Rag8 24. Qd3 c4 25. Qe4 Rg4 26. Qxh7 R8g7 27.
Qh6 Bc5 28. Qd2 Rg2 29. Nd4 Bxd4 30. Bxd4 Qf3 31. Ra3 Qe4 32. Be3 Rxf2+ 33.
Bxf2 Qxh1+ 34. Ke2 Qe4+ 35. Kf1 Qxe5 36. Rc3 Qe4 37. Qe3 Qxe3 38. Rxe3 Kd6 39.
b3 Kd5 40. Rc3 cxb3 41. Rxb3 e5 42. a5 Kc4 43. Ra3 Kb4 44. Ra1 d5 45. Be1+ Kc5
46. Rc1+ Kd6 47. Ke2 d4 48. Kf3 Kd5 49. a6 Ra7 50. Ra1 e4+ 51. Kf4 e3 52. h5
Rf7+ 53. Kg5 d3 54. h6 Ke4 55. Bc3 d2 56. Kg6 Ra7 1/2-1/2

[Event "EYb14, Budva YUG"]
[Site "?"]
[Date "2003.??.??"]
[Round "7"]
[White "Bitalzadeh, A."]
[Black "Andreikin, D."]
[Result "1-0"]
[WhiteElo "2180"]
[BlackElo "2400"]
[PlyCount "135"]
[EventDate "2003.??.??"]

1. e4 c5 2. Nf3 Nc6 3. d4 cxd4 4. Nxd4 Nf6 5. Nc3 e6 6. Ndb5 Bb4 7. a3 Bxc3+ 8.
Nxc3 d5 9. Bd3 O-O 10. O-O h6 11. Bf4 dxe4 12. Nxe4 Nxe4 13. Bxe4 Qf6 14. Qc1
e5 15. Be3 Bf5 16. Bxf5 Qxf5 17. Rd1 Rfd8 18. c4 Qe6 19. Qc3 f5 20. f4 exf4 21.
Bxf4 Qe4 22. Bd6 Re8 23. b4 a6 24. b5 axb5 25. cxb5 Na7 26. a4 Rac8 27. Bc5 b6
28. Rd7 Qg4 29. Qb3+ Kh8 30. Bd4 Re7 31. Rd6 Qf4 32. Rd1 Rce8 33. Bf2 Nc8 34.
R6d3 Re6 35. Rd8 R6e7 36. Rxe8+ Rxe8 37. Qf7 Nd6 38. Qg6 Re2 39. Qg3 Qxg3 40.
Bxg3 Ne4 41. Bc7 Nc3 42. Ra1 Nd5 43. Bg3 f4 44. Bf2 Ne3 45. g3 Ng4 46. Rf1 Ra2
47. Bxb6 fxg3 48. hxg3 Rxa4 49. Rb1 Ne5 50. Bc7 Nf3+ 51. Kg2 Nd2 52. Re1 Nc4
53. b6 Rb4 54. Re6 Kg8 55. Kh3 Kf7 56. Re4 Rxb6 57. Rxc4 Rb7 58. Be5 Ke6 59.
Rc7 Rxc7 60. Bxc7 Kf5 61. Kh4 g6 62. Bd6 Kf6 63. Kg4 Kf7 64. Kf4 Kf6 65. Be5+
Kf7 66. Bc3 Kf8 67. Ke5 Ke7 68. Bd2 1-0

[Event "EYb14, Budva YUG"]
[Site "?"]
[Date "2003.??.??"]
[Round "7"]
[White "Margvelashvili, G."]
[Black "Olszewski, Mi"]
[Result "1-0"]
[WhiteElo "2180"]
[BlackElo "2225"]
[PlyCount "70"]
[EventDate "2003.??.??"]

1. d4 Nf6 2. c4 c5 3. d5 b5 4. cxb5 a6 5. bxa6 g6 6. Nc3 Bxa6 7. g3 d6 8. Bg2
Nbd7 9. Nf3 Nb6 10. b3 Bg7 11. Rb1 Bb7 12. Nh4 O-O 13. O-O Ne8 14. Qc2 Nc7 15.
e4 e6 16. Rd1 exd5 17. exd5 f5 18. b4 Na6 19. bxc5 Nxc5 20. Nb5 Ra4 21. Bf4 Rc4
22. Qd2 Nc8 23. Nf3 Ne4 24. Qd3 Rc5 25. Be3 Ne7 26. Bxc5 Nxc5 27. Qc2 Qd7 28.
Nfd4 Nxd5 29. Qc4 Ne4 30. Nxd6 Nxd6 31. Bxd5+ Kh8 32. Qb3 Bxd4 33. Rxd4 Qg7 34.
Rdd1 Bxd5 35. Rxd5 Ne4 1-0

[Event "EYb14, Budva YUG"]
[Site "?"]
[Date "2003.??.??"]
[Round "7"]
[White "Lapenna, A."]
[Black "Figura, A."]
[Result "0-1"]
[WhiteElo "2045"]
[BlackElo "2110"]
[PlyCount "54"]
[EventDate "2003.??.??"]

1. e4 c5 2. Nf3 e6 3. d4 cxd4 4. Nxd4 a6 5. c4 Nf6 6. Nc3 Bb4 7. Bd3 Nc6 8.
Nxc6 dxc6 9. e5 Qa5 10. exf6 Bxc3+ 11. bxc3 Qxc3+ 12. Bd2 Qxd3 13. fxg7 Rg8 14.
Bh6 Qc3+ 15. Kf1 Qf6 16. Qc1 e5 17. Rb1 Qe7 18. Qc2 Be6 19. Be3 Rxg7 20. f3 Qh4
21. Rb4 Rxg2 22. Qxg2 Bh3 23. Rg1 O-O-O 24. Ke2 Bxg2 25. Rxg2 a5 26. Ra4 b5 27.
Bf2 Qh3 0-1

[Event "EYb14, Budva YUG"]
[Site "?"]
[Date "2003.??.??"]
[Round "7"]
[White "Margolin, E."]
[Black "Nestorovic, DN."]
[Result "1-0"]
[WhiteElo "2220"]
[BlackElo "2140"]
[PlyCount "86"]
[EventDate "2003.??.??"]

1. d4 Nf6 2. c4 c5 3. d5 b5 4. Nd2 b4 5. e4 d6 6. f4 Qc7 7. Ngf3 Bg4 8. e5 Nfd7
9. Qa4 e6 10. Bd3 exd5 11. cxd5 Be7 12. O-O O-O 13. Re1 Bxf3 14. Nxf3 c4 15.
Bb1 Nb6 16. Qc2 g6 17. f5 dxe5 18. Nxe5 Bc5+ 19. Kf1 Re8 20. Bf4 Bd6 21. fxg6
fxg6 22. Nxg6 Rxe1+ 23. Kxe1 Bxf4 24. Nxf4 Qxf4 25. Qxh7+ Kf8 26. Bg6 Nxd5 27.
Rd1 Qe3+ 28. Kf1 Qe6 29. Qh6+ Ke7 30. Re1 Qxe1+ 31. Kxe1 Nd7 32. Qh4+ Kd6 33.
Qxc4 Ne5 34. Qa6+ Nc6 35. Qd3 Ne5 36. Qa6+ Nc6 37. Kf1 Rf8+ 38. Kg1 Rf4 39. Be8
Nde7 40. Bxc6 Nxc6 41. a3 b3 42. Qd3+ Nd4 43. g3 Rg4 1-0

[Event "EYb14, Budva YUG"]
[Site "?"]
[Date "2003.??.??"]
[Round "7"]
[White "Swinkels, R."]
[Black "Siebarth, R."]
[Result "1-0"]
[WhiteElo "2170"]
[BlackElo "2115"]
[PlyCount "73"]
[EventDate "2003.??.??"]

1. e4 c5 2. Nf3 d6 3. d4 cxd4 4. Nxd4 Nf6 5. Nc3 a6 6. Be3 e5 7. Nb3 Be7 8. f3
Be6 9. Qd2 O-O 10. O-O-O Qc7 11. g4 Nbd7 12. Qf2 Rfc8 13. g5 Nh5 14. Kb1 b5 15.
h4 b4 16. Nd5 Bxd5 17. Rxd5 a5 18. Bh3 a4 19. Nc1 Rcb8 20. Bg4 Nf4 21. Bxf4
exf4 22. Bxd7 Qxd7 23. Nd3 Qc6 24. Qd2 Qb7 25. Rc1 g6 26. Nf2 h5 27. gxh6 Bxh4
28. Qxf4 b3 29. cxb3 axb3 30. a3 Qe7 31. Nd3 Ra6 32. Nb4 Rxb4 33. axb4 Kh7 34.
Qd2 Bf6 35. Ra5 Rxa5 36. bxa5 Bg5 37. Qc3 1-0

[Event "EYb14, Budva YUG"]
[Site "?"]
[Date "2003.??.??"]
[Round "7"]
[White "Matsenko, S."]
[Black "Martic, N."]
[Result "1-0"]
[WhiteElo "2085"]
[BlackElo "2160"]
[PlyCount "61"]
[EventDate "2003.??.??"]

1. e4 c5 2. Nf3 e6 3. c3 Nf6 4. e5 Nd5 5. d4 cxd4 6. cxd4 Nc6 7. Nc3 Nxc3 8.
bxc3 d6 9. exd6 Qxd6 10. Bd3 Be7 11. O-O O-O 12. Bc2 b6 13. Qd3 g6 14. Ng5 Bb7
15. Qh3 h5 16. Re1 Bc8 17. Qf3 Bb7 18. Bf4 Qd7 19. Qg3 Bf6 20. Ne4 Bg7 21. Bg5
f6 22. Bc1 g5 23. Qd3 Rf7 24. Ng3 h4 25. Qh7+ Kf8 26. Nh5 Ne7 27. Ba3 f5 28.
Bxf5 exf5 29. Rxe7 Rxe7 30. Qxg7+ Ke8 31. Qg8# 1-0

[Event "EYb14, Budva YUG"]
[Site "?"]
[Date "2003.??.??"]
[Round "7"]
[White "Sharafiev, A."]
[Black "Beck, F."]
[Result "1-0"]
[WhiteElo "2255"]
[BlackElo "2085"]
[PlyCount "45"]
[EventDate "2003.??.??"]

1. e4 c5 2. Nc3 d6 3. Nge2 Nf6 4. d4 cxd4 5. Nxd4 a6 6. Bc4 e6 7. Bb3 b5 8. O-O
Nbd7 9. Re1 Nc5 10. Bg5 Bb7 11. Bd5 exd5 12. exd5+ Kd7 13. b4 Na4 14. Nxa4 bxa4
15. c4 h6 16. Qxa4+ Kc8 17. Bxf6 Qxf6 18. Nc6 Kc7 19. Qa5+ Kd7 20. Qb6 Bc8 21.
Nb8+ Rxb8 22. Qc6+ Kd8 23. Re8# 1-0

[Event "EYb14, Budva YUG"]
[Site "?"]
[Date "2003.??.??"]
[Round "7"]
[White "Spoelman, W."]
[Black "Perman, E."]
[Result "1/2-1/2"]
[WhiteElo "2165"]
[BlackElo "2080"]
[PlyCount "68"]
[EventDate "2003.??.??"]

1. e4 c5 2. Nf3 d6 3. d4 cxd4 4. Nxd4 Nf6 5. Nc3 a6 6. Be3 e5 7. Nb3 Be7 8. f3
Be6 9. Qd2 Nbd7 10. g4 h6 11. O-O-O b5 12. Kb1 Nb6 13. Qf2 Nfd7 14. h4 b4 15.
Nd5 Bxd5 16. exd5 Na4 17. Rh2 Qc7 18. g5 hxg5 19. hxg5 Rxh2 20. Qxh2 Nxb2 21.
Re1 Nc4 22. f4 Na3+ 23. Kc1 Rc8 24. Bd3 a5 25. g6 f6 26. Qh8+ Bf8 27. Re2 a4
28. Qg8 axb3 29. Qf7+ Kd8 30. axb3 Qc3 31. Bf5 Qa1+ 32. Kd2 Qc3+ 33. Kc1 Qa1+
34. Kd2 Qc3+ 1/2-1/2

[Event "EYb14, Budva YUG"]
[Site "?"]
[Date "2003.??.??"]
[Round "7"]
[White "Ostrovskiy, A."]
[Black "Hrzica, R."]
[Result "1-0"]
[WhiteElo "2075"]
[BlackElo "2115"]
[PlyCount "89"]
[EventDate "2003.??.??"]

1. e4 c5 2. Nf3 g6 3. c4 Bg7 4. d4 cxd4 5. Nxd4 Nc6 6. Be3 Nf6 7. Nc3 Ng4 8.
Qxg4 Nxd4 9. Qd1 Ne6 10. Rc1 O-O 11. Be2 d6 12. O-O b6 13. Qd2 Bb7 14. f3 Rc8
15. b4 Ba6 16. Nb5 Bxb5 17. cxb5 Qd7 18. Bc4 Nc7 19. a4 a6 20. bxa6 Qxa4 21.
Rc2 Na8 22. Rfc1 e6 23. Bb5 Rxc2 24. Bxa4 Rxd2 25. Bxd2 Bd4+ 26. Kf1 Rb8 27.
Bb5 Kf8 28. Ke2 Ke7 29. Kd3 e5 30. Rc6 f6 31. Be3 Bxe3 32. Kxe3 h6 33. Kd3 g5
34. Kc4 Ke6 35. Kb3 Ke7 36. Ka4 Ke6 37. Bc4+ Kd7 38. Bd5 h5 39. Kb5 g4 40. Rc2
Rf8 41. a7 gxf3 42. gxf3 h4 43. Bxa8 Rxa8 44. Kxb6 h3 45. Kb7 1-0

[Event "EYb14, Budva YUG"]
[Site "?"]
[Date "2003.??.??"]
[Round "7"]
[White "Szoverfi, L."]
[Black "Ocnarescu, V."]
[Result "1/2-1/2"]
[WhiteElo "1930"]
[BlackElo "2010"]
[PlyCount "65"]
[EventDate "2003.??.??"]

1. e4 c5 2. c3 d5 3. exd5 Qxd5 4. d4 cxd4 5. cxd4 Nc6 6. Nf3 e5 7. dxe5 Qxd1+
8. Kxd1 Bg4 9. Be2 O-O-O+ 10. Nbd2 Bxf3 11. Bxf3 Nxe5 12. Kc2 Nf6 13. b3 Nd3
14. Rf1 Bb4 15. Ne4 Nxc1 16. Raxc1 Nxe4 17. Bxe4 Rd2+ 18. Kb1+ Kb8 19. Rc2 Rhd8
20. Kb2 Rxc2+ 21. Bxc2 Rd2 22. g4 Re2 23. h4 Be1 24. f3 Bxh4 25. Kb1 h6 26. Bd3
Rd2 27. Bc2 Bf6 28. Kc1 Rg2 29. a4 Kc7 30. Be4 b6 31. Bd5 Ra2 32. Rd1 Ra1+ 33.
Kc2 1/2-1/2

[Event "EYb14, Budva YUG"]
[Site "?"]
[Date "2003.??.??"]
[Round "7"]
[White "Dragicevic, Draz"]
[Black "Stupak, K."]
[Result "1-0"]
[WhiteElo "2050"]
[BlackElo "2160"]
[PlyCount "76"]
[EventDate "2003.??.??"]

1. e4 e5 2. Nf3 Nf6 3. Nxe5 d6 4. Nf3 Nxe4 5. d4 d5 6. Bd3 Bd6 7. O-O O-O 8.
Re1 Re8 9. Nbd2 Bf5 10. Nf1 c6 11. Ne3 Bg6 12. c4 Bb4 13. Rf1 dxc4 14. Bxc4 b5
15. Be2 Bd6 16. d5 a6 17. a4 Qb6 18. dxc6 Nxc6 19. axb5 axb5 20. Rxa8 Rxa8 21.
Nd5 Qb7 22. Nf4 Rd8 23. Qb3 b4 24. Nxg6 hxg6 25. Be3 Qe7 26. Ra1 Bc5 27. Rc1
Na5 28. Bxc5 Nxb3 29. Bxe7 Nxc1 30. Bxd8 Nxe2+ 31. Kf1 Nf4 32. Bb6 f6 33. g3
Nd5 34. Bd4 Kf7 35. Ke2 Ke6 36. Kd3 Nd6 37. Bc5 Nf7 38. Kc4 Nd6+ 1-0

[Event "EYb14, Budva YUG"]
[Site "?"]
[Date "2003.??.??"]
[Round "7"]
[White "Zaslavsky, M."]
[Black "Stavrianakis, I."]
[Result "1-0"]
[WhiteElo "2110"]
[BlackElo "2035"]
[PlyCount "79"]
[EventDate "2003.??.??"]

1. e4 e6 2. d4 d5 3. Nd2 Nf6 4. e5 Nfd7 5. c3 c5 6. Bd3 Nc6 7. Ngf3 Qb6 8. O-O
g6 9. dxc5 Nxc5 10. Nb3 Nxd3 11. Qxd3 Bg7 12. Re1 O-O 13. Be3 Qd8 14. Bc5 Re8
15. Bd6 b6 16. Nbd4 Na5 17. b3 Bd7 18. Qe3 Rc8 19. Rac1 b5 20. Qf4 h6 21. h4
Nb7 22. Ba3 a5 23. g3 Qb6 24. Qd2 Rc7 25. h5 Nc5 26. Bxc5 Rxc5 27. hxg6 fxg6
28. Qd3 g5 29. Qg6 Re7 30. Nf5 Qd8 31. Nxe7+ Qxe7 32. Nd4 Rc8 33. Qd3 Rb8 34.
c4 bxc4 35. bxc4 dxc4 36. Rxc4 Qf7 37. Rc7 Rb2 38. Re2 Rxe2 39. Nxe2 Qe8 40.
Qxd7 1-0

[Event "EYb14, Budva YUG"]
[Site "?"]
[Date "2003.??.??"]
[Round "8"]
[White "Perman, E."]
[Black "Mingachev, M."]
[Result "0-1"]
[WhiteElo "2080"]
[BlackElo "2335"]
[PlyCount "66"]
[EventDate "2003.??.??"]

1. e4 e5 2. Nf3 Nf6 3. Nxe5 d6 4. Nf3 Nxe4 5. Nc3 Nf6 6. d4 Be7 7. h3 O-O 8.
Bd3 c6 9. O-O Na6 10. Bxa6 bxa6 11. Qd3 Rb8 12. b3 Re8 13. Bg5 h6 14. Bh4 a5
15. Rfe1 Be6 16. Rad1 Qc8 17. Bxf6 Bxf6 18. Ne4 Be7 19. Ng3 a4 20. Qc3 axb3 21.
axb3 Rb5 22. Ra1 Qb7 23. Ra5 d5 24. Rxb5 cxb5 25. Ne5 Rc8 26. Qd3 b4 27. Nh5
Rc3 28. Qe2 Qc8 29. Rc1 Rxb3 30. f4 Rc3 31. f5 Bxf5 32. Nf4 Rxc2 33. Rxc2 Qxc2
0-1

[Event "EYb14, Budva YUG"]
[Site "?"]
[Date "2003.??.??"]
[Round "8"]
[White "Sanikidze, T."]
[Black "Bitalzadeh, A."]
[Result "1-0"]
[WhiteElo "2250"]
[BlackElo "2180"]
[PlyCount "48"]
[EventDate "2003.??.??"]

1. e4 c5 2. Nf3 d6 3. d4 cxd4 4. Nxd4 Nf6 5. Nc3 g6 6. Be3 Bg7 7. f3 Nc6 8. Bc4
O-O 9. Qd2 Bd7 10. O-O-O Ne5 11. Bb3 Qa5 12. h4 Rfc8 13. g4 b5 14. h5 Nc4 15.
Bxc4 bxc4 16. Bh6 Bh8 17. Nf5 Bxf5 18. exf5 Rab8 19. fxg6 hxg6 20. hxg6 Qb4 21.
Qe3 Qxb2+ 22. Kd2 Rb3 23. g7 Bxg7 24. Bxg7 Rxc3 1-0

[Event "EYb14, Budva YUG"]
[Site "?"]
[Date "2003.??.??"]
[Round "8"]
[White "Berczes, D."]
[Black "Margvelashvili, G."]
[Result "1/2-1/2"]
[WhiteElo "2390"]
[BlackElo "2180"]
[PlyCount "34"]
[EventDate "2003.??.??"]

1. d4 Nf6 2. c4 g6 3. Nc3 d5 4. Bf4 Bg7 5. e3 c5 6. dxc5 Qa5 7. Rc1 dxc4 8.
Bxc4 O-O 9. Nge2 Qxc5 10. Qb3 Nc6 11. Nb5 Qh5 12. Ng3 Qh4 13. Nc7 Rb8 14. Bxf7+
Rxf7 15. Rxc6 bxc6 16. Qxb8 Rf8 17. Qb3+ Kh8 1/2-1/2

[Event "EYb14, Budva YUG"]
[Site "?"]
[Date "2003.??.??"]
[Round "8"]
[White "Swinkels, R."]
[Black "Nepomniachtchi, I."]
[Result "0-1"]
[WhiteElo "2170"]
[BlackElo "2430"]
[PlyCount "68"]
[EventDate "2003.??.??"]

1. e4 c5 2. Nf3 d6 3. d4 cxd4 4. Nxd4 Nf6 5. Nc3 a6 6. Be3 e5 7. Nb3 Be6 8. f3
Nbd7 9. Qd2 b5 10. a4 b4 11. Nd5 Bxd5 12. exd5 Be7 13. a5 O-O 14. Ra4 e4 15.
Rxb4 exf3 16. gxf3 Ne5 17. Be2 Qd7 18. h3 Rfe8 19. Kf2 Qf5 20. Rf4 Qh5 21. Rd4
Ng6 22. f4 Qf5 23. Bd3 Qd7 24. Qe2 Qb7 25. Qf3 Nh4 26. Qg3 Qc8 27. Rg1 g6 28.
Nd2 Nf5 29. Bxf5 Qxf5 30. c4 Rab8 31. b3 Bd8 32. Qf3 Bxa5 33. Ra1 Bc3 34. Rxa6
Qc2 0-1

[Event "EYb14, Budva YUG"]
[Site "?"]
[Date "2003.??.??"]
[Round "8"]
[White "Matsenko, S."]
[Black "Rodshtein, M."]
[Result "0-1"]
[WhiteElo "2085"]
[BlackElo "2340"]
[PlyCount "130"]
[EventDate "2003.??.??"]

1. e4 e6 2. d4 d5 3. Nd2 c5 4. c3 Nc6 5. Ngf3 cxd4 6. cxd4 dxe4 7. Nxe4 Bb4+ 8.
Nc3 Nf6 9. Bd3 O-O 10. O-O Be7 11. a3 b6 12. Bc2 Ba6 13. Re1 Rc8 14. Bg5 Nd5
15. Qd2 Bxg5 16. Nxg5 h6 17. Nge4 Nxc3 18. bxc3 Na5 19. Rac1 Qh4 20. Ng3 Qg5
21. f4 Qd5 22. f5 Nc4 23. Qf4 Nxa3 24. Nh5 Qd8 25. f6 g5 26. Qg4 Nxc2 27. Re5
Kh8 28. Rxg5 Rg8 29. Rg7 Nxd4 30. Rxg8+ Qxg8 31. Qxd4 Rd8 32. Qf4 Qg5 33. Qxg5
hxg5 34. Ra1 Be2 35. Ng3 Rd1+ 36. Rxd1 Bxd1 37. Ne4 Kh7 38. Nxg5+ Kg6 39. Ne4
Bc2 40. Nd6 a5 41. Nc4 Bb3 42. Na3 Bd5 43. Kf2 Kxf6 44. g3 Kf5 45. Ke3 Kg4 46.
h4 e5 47. c4 Bc6 48. c5 b5 49. Kf2 f5 50. Nc2 f4 51. gxf4 Kxf4 52. h5 Kg5 53.
Ne1 b4 54. Ke3 b3 55. Kd3 a4 56. Kc3 e4 57. Ng2 Kxh5 58. Nf4+ Kg4 59. Ne6 e3
60. Nd4 Be4 61. c6 Bxc6 62. Nxc6 e2 63. Ne5+ Kf4 64. Nd3+ Ke3 65. Ne1 Kf2 0-1

[Event "EYb14, Budva YUG"]
[Site "?"]
[Date "2003.??.??"]
[Round "8"]
[White "Lintchevski, D."]
[Black "Howell, D."]
[Result "1/2-1/2"]
[WhiteElo "2130"]
[BlackElo "2320"]
[PlyCount "38"]
[EventDate "2003.??.??"]

1. e4 e5 2. Nf3 Nc6 3. d4 exd4 4. Nxd4 Bc5 5. Nxc6 Qf6 6. Qd2 dxc6 7. Nc3 Bd4
8. Bd3 Ne7 9. O-O O-O 10. Qg5 Qxg5 11. Bxg5 Ng6 12. Rad1 Be6 13. a3 a5 14. Be2
Bxc3 15. bxc3 f5 16. exf5 Bxf5 17. Rd2 Be6 18. Be3 Nf4 19. Bf3 Nd5 1/2-1/2

[Event "EYb14, Budva YUG"]
[Site "?"]
[Date "2003.??.??"]
[Round "8"]
[White "Andreikin, D."]
[Black "Ostrovskiy, A."]
[Result "1-0"]
[WhiteElo "2400"]
[BlackElo "2075"]
[PlyCount "83"]
[EventDate "2003.??.??"]

1. e4 c5 2. Nf3 d6 3. d4 cxd4 4. Nxd4 Nf6 5. Nc3 a6 6. a4 e6 7. Bc4 Nxe4 8.
Nxe4 d5 9. Nf3 Nc6 10. Bd3 dxe4 11. Bxe4 Qxd1+ 12. Kxd1 Bc5 13. Ke2 a5 14. Rd1
f6 15. Be3 Bxe3 16. Kxe3 Ke7 17. Bxc6 bxc6 18. Nd4 Bd7 19. Nb3 e5 20. Nc5 Bf5
21. c3 Rhd8 22. Rxd8 Rxd8 23. Ra3 Be6 24. Nxe6 Kxe6 25. Rb3 Rd7 26. Rb8 Kd6 27.
g4 Kc5 28. b3 Rd1 29. Rb7 Rb1 30. h4 Rb2 31. h5 Rb1 32. f3 h6 33. Rxg7 Rxb3 34.
Kd3 Rb8 35. Rg6 Rf8 36. Rxh6 Kd5 37. c4+ Kc5 38. Ke4 Kxc4 39. Kf5 c5 40. Rxf6
Rc8 41. h6 Kb3 42. h7 1-0

[Event "EYb14, Budva YUG"]
[Site "?"]
[Date "2003.??.??"]
[Round "8"]
[White "Pacher, M."]
[Black "Can, E."]
[Result "0-1"]
[WhiteElo "2060"]
[BlackElo "2195"]
[PlyCount "56"]
[EventDate "2003.??.??"]

1. d4 Nf6 2. c4 g6 3. g3 Bg7 4. Bg2 O-O 5. Nc3 d6 6. Nf3 c5 7. d5 e6 8. O-O
exd5 9. cxd5 Na6 10. Nd2 Nc7 11. a4 b6 12. Nde4 Nxe4 13. Nxe4 f5 14. Ng5 Rb8
15. e4 Bf6 16. h4 a6 17. Re1 Re8 18. Bh3 fxe4 19. Bxc8 Qxc8 20. Rxe4 Qf5 21.
Rxe8+ Rxe8 22. Bf4 Qxd5 23. Qxd5+ Nxd5 24. Bxd6 Rd8 25. Ne4 Bxb2 26. Rb1 Bd4
27. Kf1 Nc3 28. Bc7 Nxe4 0-1

[Event "EYb14, Budva YUG"]
[Site "?"]
[Date "2003.??.??"]
[Round "8"]
[White "Vernay, C."]
[Black "Vuillermoz, R."]
[Result "1-0"]
[WhiteElo "2095"]
[BlackElo "2085"]
[PlyCount "43"]
[EventDate "2003.??.??"]

1. d4 d5 2. c4 c6 3. e3 Nf6 4. Nf3 e6 5. Nbd2 Nbd7 6. a3 Qa5 7. c5 Qc7 8. b4 e5
9. dxe5 Nxe5 10. Bb2 Nxf3+ 11. Nxf3 Ne4 12. Bd3 Bg4 13. h3 Bxf3 14. gxf3 Nf6
15. f4 Qe7 16. Rg1 g6 17. Rg5 O-O-O 18. b5 Bg7 19. bxc6 bxc6 20. Qa4 Kd7 21.
Qxa7+ Ke8 22. Re5 1-0

[Event "EYb14, Budva YUG"]
[Site "?"]
[Date "2003.??.??"]
[Round "8"]
[White "Stupak, K."]
[Black "Szoverfi, L."]
[Result "0-1"]
[WhiteElo "2160"]
[BlackElo "1930"]
[PlyCount "24"]
[EventDate "2003.??.??"]

1. d4 Nf6 2. c4 c5 3. e3 g6 4. Nc3 cxd4 5. exd4 Bg7 6. Nf3 O-O 7. Be2 d5 8. O-O
Nc6 9. Ng5 Be6 10. Qa4 dxc4 11. Rd1 Nd5 12. Bxc4 Nb6 0-1

[Event "EYb14, Budva YUG"]
[Site "?"]
[Date "2003.??.??"]
[Round "9"]
[White "Howell, D."]
[Black "Figura, A."]
[Result "0-1"]
[WhiteElo "2320"]
[BlackElo "2110"]
[PlyCount "60"]
[EventDate "2003.??.??"]

1. e4 c5 2. Nf3 e6 3. c3 d5 4. e5 Nc6 5. d4 Qb6 6. Be2 cxd4 7. cxd4 Nh6 8. b3
Nf5 9. Bb2 Bb4+ 10. Kf1 O-O 11. g4 Nh6 12. Rg1 f6 13. exf6 Rxf6 14. g5 Rxf3 15.
gxh6 Rf7 16. Bd3 e5 17. Qh5 g6 18. Nc3 Qxd4 19. Rxg6+ hxg6 20. Qxg6+ Kf8 21.
Nd1 Bh3+ 22. Kg1 Qg4+ 23. Qxg4 Bxg4 24. Ne3 Be6 25. Rc1 d4 26. Nc4 Bf5 27. Bxf5
Rxf5 28. h7 Kg7 29. Nxe5 Rxe5 30. Rxc6 Rg5+ 0-1

[Event "EYb14, Budva YUG"]
[Site "?"]
[Date "2003.??.??"]
[Round "9"]
[White "Brener, I."]
[Black "Matsenko, S."]
[Result "1/2-1/2"]
[WhiteElo "2160"]
[BlackElo "2085"]
[PlyCount "86"]
[EventDate "2003.??.??"]

1. d4 d5 2. c4 c6 3. Nc3 e6 4. e4 dxe4 5. Nxe4 Bb4+ 6. Bd2 Qxd4 7. Bxb4 Qxe4+
8. Be2 Na6 9. Ba5 b6 10. Bc3 Ne7 11. Nf3 O-O 12. O-O Ng6 13. Bd3 Qf4 14. g3 Qc7
15. h4 Rd8 16. Qe2 Nf8 17. h5 h6 18. Ne5 f6 19. Ng6 Nc5 20. Bc2 Nxg6 21. hxg6
e5 22. Rad1 Bh3 23. Rfe1 Rxd1 24. Rxd1 Bd7 25. b4 Ne6 26. c5 Re8 27. Bb3 Kh8
28. Qd2 Bc8 29. Bxe6 Bxe6 30. a3 Bd5 31. Qe3 bxc5 32. Qxc5 Qc8 33. Qxa7 Qg4 34.
Rd3 Qe4 35. Rxd5 Qxd5 36. a4 Qd3 37. Qf7 Rg8 38. Be1 Qe2 39. Bc3 Rd8 40. Kg2 e4
41. Bd4 Qf3+ 42. Kh2 Qh5+ 43. Kg2 Qf3+ 1/2-1/2

[Event "EYb14, Budva YUG"]
[Site "?"]
[Date "2003.??.??"]
[Round "9"]
[White "Zaslavsky, M."]
[Black "Dragicevic, Draz"]
[Result "1/2-1/2"]
[WhiteElo "2110"]
[BlackElo "2050"]
[PlyCount "63"]
[EventDate "2003.??.??"]

1. e4 c5 2. Nf3 Nc6 3. d4 cxd4 4. Nxd4 Nf6 5. Nc3 e5 6. Ndb5 d6 7. Bg5 a6 8.
Na3 b5 9. Nd5 Be7 10. Bxf6 Bxf6 11. c3 O-O 12. Nc2 Bg5 13. a4 bxa4 14. Rxa4 a5
15. Bc4 Be6 16. O-O Rb8 17. b3 g6 18. Nce3 Bh6 19. Qd3 Kh8 20. Rfa1 f5 21. f3
fxe4 22. fxe4 Qh4 23. R4a2 Rb7 24. Rf1 Rbf7 25. Raa1 Rf2 26. Rxf2 Qxf2+ 27. Kh1
Qh4 28. Rf1 Rxf1+ 29. Qxf1 Ne7 30. Nxe7 Qxe7 31. Bxe6 Qxe6 32. Nd5 1/2-1/2

[Event "EYb14, Budva YUG"]
[Site "?"]
[Date "2003.??.??"]
[Round "9"]
[White "Stavrianakis, I."]
[Black "Golub, D."]
[Result "1/2-1/2"]
[WhiteElo "2035"]
[BlackElo "2085"]
[PlyCount "84"]
[EventDate "2003.??.??"]

1. d4 d5 2. c4 e6 3. Nc3 Nf6 4. Bg5 Be7 5. e3 O-O 6. Nf3 a6 7. Qc2 Nbd7 8. Rd1
h6 9. Bh4 Re8 10. cxd5 exd5 11. Ne5 c6 12. Bg3 Nxe5 13. Bxe5 Ne4 14. Nxe4 dxe4
15. a3 Qa5+ 16. Qd2 Qxd2+ 17. Kxd2 Be6 18. Rc1 Red8 19. Bc4 Bxc4 20. Rxc4 c5
21. Bc7 Rdc8 22. Bb6 cxd4 23. Rxc8+ Rxc8 24. Bxd4 f6 25. f3 exf3 26. gxf3 Kf7
27. Kd3 Ke6 28. h4 g5 29. hxg5 hxg5 30. e4 Rd8 31. Kc3 Bd6 32. Rh7 b5 33. Ra7
Rc8+ 34. Kd3 Rc6 35. Ra8 Be5 36. Bxe5 Kxe5 37. Ke3 Rc2 38. Re8+ Kd6 39. Rf8 Ke6
40. Re8+ Kd7 41. Ra8 Rc6 42. Kd4 Ke6 1/2-1/2

[Event "EYb14, Budva YUG"]
[Site "?"]
[Date "2003.??.??"]
[Round "9"]
[White "Filip, M."]
[Black "Stupak, K."]
[Result "0-1"]
[WhiteElo "2465"]
[BlackElo "2160"]
[PlyCount "74"]
[EventDate "2003.??.??"]

1. d4 Nf6 2. Nf3 b6 3. c4 Bb7 4. Nc3 e6 5. Bg5 Be7 6. e3 O-O 7. Bd3 d5 8. cxd5
exd5 9. O-O Nbd7 10. Rc1 Rc8 11. Bf5 Ra8 12. Ne5 h6 13. Bxh6 Nxe5 14. dxe5 gxh6
15. exf6 Bxf6 16. Qh5 Bg7 17. Rcd1 c6 18. f4 Qf6 19. Rf3 Rad8 20. g4 c5 21. Qh3
Rfe8 22. Rg3 d4 23. g5 hxg5 24. Qh7+ Kf8 25. Ne4 Bxe4 26. Bxe4 dxe3 27. Re1
Qxf4 28. Rf1 Qxe4 29. Qh5 Rd7 30. Qxg5 Qe5 31. Rf5 Qxf5 32. Qxf5 e2 33. Qxd7
e1=Q+ 34. Kg2 Qe2+ 35. Kh3 Qe6+ 36. Qxe6 Rxe6 37. Rg2 Rh6+ 0-1

[Event "EYg18, Budva YUG"]
[Site "?"]
[Date "2003.??.??"]
[Round "1"]
[White "Partington, A."]
[Black "Vozovic, O."]
[Result "1/2-1/2"]
[WhiteElo "2065"]
[BlackElo "2360"]
[PlyCount "46"]
[EventDate "2003.??.??"]

1. d4 Nf6 2. Nf3 c5 3. d5 d6 4. Nc3 g6 5. e4 Bg7 6. Bb5+ Nbd7 7. O-O a6 8.
Bxd7+ Nxd7 9. a4 O-O 10. Re1 Rb8 11. Qd3 Qc7 12. Bf4 Re8 13. Qe3 f6 14. Bh6 b5
15. axb5 axb5 16. Nh4 Ne5 17. Bxg7 Kxg7 18. Qg3 b4 19. Ne2 Nc4 20. Nf4 Rg8 21.
Nf5+ Kf8 22. Ne3 Nxe3 23. Qxe3 Kf7 1/2-1/2